10 Closest Capitals to Cairo Quiz Stats

Quiz Updated Dec 28, 2016

Challenge
Share
Tweet
Embed
Score 0/10 Timer 04:00
2 Plays Today
Capital % Correct
Jerusalem, Israel
94%
Damascus, Syria
81.7%
Beirut, Lebanon
78.3%
Amman, Jordan
75.7%
Ankara, Turkey
74.1%
Athens, Greece
74.1%
Nicosia, Cyprus
64.9%
Baghdad, Iraq
62.4%
Ramallah, Palestine
45.7%
Sofia, Bulgaria
35.1%

You're not logged in!

Compare scores with friends on all Sporcle quizzes.
Sign Up with Email
OR
Log In

You Might Also Like...

Show Comments

Extras

Top Quizzes Today


Score Distribution

Your Account Isn't Verified!

In order to create a playlist on Sporcle, you need to verify the email address you used during registration. Go to your Sporcle Settings to finish the process.